Every 100,000+ City in Venezuela in Order - Statistics

General Stats
  • This quiz has been taken 27 times
    7 since last reset
  • The average score is 20 of 65
Answer Stats
Letter Population City % Correct
B 1,136,090 Barcelona
100%
C 5,306,775 Caracas
100%
M 3,479,156 Maracaibo
100%
V 2,540,165 Valencia
100%
B 2,128,755 Barquisimeto
75%
C-B 441,105 Ciudad Bolívar
75%
E-T 280,485 El Tigre
75%
M 1,591,316 Maracay
75%
M 714,059 Maturín
75%
P-L-C 472,014 Puerto La Cruz
75%
S-C 463,950 San Cristóbal
75%
A 340,551 Acarigua
50%
B 418,093 Barinas
50%
A 146,380 Anaco
25%
C 510,196 Cabimas
25%
C 136,920 Cagua
25%
C 180,565 Calabozo
25%
C 260,190 Carúpano
25%
C-L-M 221,542 Catia La Mar
25%
C 233,400 Charallave
25%
C-O 301,084 Ciudad Ojeda
25%
C 244,008 Coro
25%
C 172,051 Cúa
25%
C 410,470 Cumaná
25%
E-L 124,007 El Limón
25%
E-V 131,225 El Vigía
25%
G 288,513 Guacara
25%
G 450,018 Guarenas
25%
G 980,770 Guatire
25%
G-C 1,055,310 Guayana City
25%
L-V 171,105 La Victoria
25%
L-G 146,778 Los Guayos
25%
L-T 291,385 Los Teques
25%
M 204,770 Maiquetía
25%
M 354,461 Mérida
25%
N 106,408 Naguanagua
25%
P-N 110,055 Palo Negro
25%
P 223,060 Porlamar
25%
P-A 118,605 Puerto Ayacucho
25%
P-C 236,095 Puerto Cabello
25%
P-F 250,721 Punto Fijo
25%
R 106,905 Rubio
25%
S-D 130,027 San Diego
25%
S-F-D-A 182,037 San Fernando de Apure
25%
S-J-D-L-M 116,750 San Juan de Los Morros
25%
S-T-D-T 266,150 Santa Teresa del Tuy
25%
T 143,059 Tocuyito
25%
T 101,505 Tucupita
25%
T 306,025 Turmero
25%
V-D-C 102,011 Villa de Cura
25%
A 122,060 Araure
0%
C 274,057 Cabudare
0%
C 126,098 Carora
0%
G 258,303 Guanare
0%
L-G 110,402 La Guaira
0%
L-V-D-R 102,117 La Villa del Rosario
0%
L-P-D-A 148,503 Los Puertos de Altagracia
0%
M 103,089 Machiques
0%
S-F 319,341 San Felipe
0%
S-J-D-G 102,651 San José de Guanipa
0%
T 245,863 Tamaca
0%
T 121,550 Táriba
0%
T 119,240 Tinaquillo
0%
V 263,840 Valera
0%
V-D-L-P 108,872 Valle De La Pascua
0%
No matching quizzes found
Score Distribution
Percent of People with Each Score
Percentile by Number Answered
Your Score History
You have not taken this quiz since the last reset